| 000 | 00389nam a2200169Ia 4500 | ||
|---|---|---|---|
| 005 | 20250423100726.0 | ||
| 008 | 250422s9999 xx 000 0 und d | ||
| 020 | _a0- 06- 015853- 0 | ||
| 050 | _aPS570. R594P87 | ||
| 100 | _aSusan Trott | ||
| 245 | 0 | _aPursued by the crooked man | |
| 260 | _bCrooked man | ||
| 260 | _c1988 | ||
| 300 | _a239 p | ||
| 650 | _aLiterature | ||
| 942 | _cBK | ||
| 999 |
_c34166 _d34166 |
||